|
|
|
|
| LEADER |
00000nam a22000007a 4500 |
| 005 |
2017053005375.0 |
| 007 |
cr|||| |||| |
| 008 |
170530s2007 mx |||||s|||| 00||0 spa d |
| 020 |
|
|
|a 978-968-5447-62-1
|
| 035 |
|
|
|a 20303
|
| 040 |
|
|
|a vLex
|
| 090 |
|
|
|c 6732
|d 6732
|
| 100 |
1 |
|
|a Merino, Mauricio
|
| 245 |
1 |
2 |
|a El rǧimen municipal en los Estados Unidos Mexicanos
|h [Recurso electrn̤ico] /
|c Mauricio Merino
|
| 256 |
|
|
|a Servicio en ln̕ea
|
| 260 |
|
|
|a Mx̌ico DF:
|b Nostra Ediciones,
|c 2007
|
| 300 |
|
|
|a 1 recurso electrn̤ico
|
| 500 |
|
|
|a La base de la divisin̤ polt̕ica y administrativa de nuestro pas̕ se asienta particularmente en los municipios. En esta obra se explica con precisin̤ y de modo didc̀tico, su conformacin̤, estructura y las reformas que han tenido a travš de la historia.
|
| 506 |
1 |
|
|a Disponible solo en los productos indicados
|d vLex Global
|d vLex Global (Academic Edition, excluding Law Schools)
|d vLex Global (U.S. Academic Edition, Law Schools)
|d vLex Global (U.S. Academic Edition, excluding Law Schools)
|d vLex Global (Academic Edition, Law Schools)
|
| 650 |
0 |
4 |
|a Derecho Pb︢lico y Administrativo
|z Mx̌ico
|
| 650 |
0 |
4 |
|a Derecho Constitucional
|z Mx̌ico
|
| 740 |
0 |
|
|a vLex Libros (Servicio en ln̕ea)
|
| 856 |
4 |
0 |
|u http://vlex.com/source/regimen-municipal-en-los-estados-unidos-mexicanos-20303
|z Acceso restringido
|
| 942 |
|
|
|c BOOK
|
| 999 |
0 |
|
|a Public and Administrative Law
|
| 999 |
0 |
|
|a Constitutional Law
|